| 000 | 00555nam a2200169 a 4500 | ||
|---|---|---|---|
| 001 | 000049070 | ||
| 005 | 20201002061629.0 | ||
| 008 | 190717s1980 dr 000 spa d | ||
| 040 |
_aDO-SdBNP _bspa _cBNPHU |
||
| 082 |
_a345.729302 _bR426c |
||
| 100 | 1 |
_aRosario, Antonio _922267 |
|
| 245 | 1 | 0 |
_aCódigo de procedimiento criminal de la República Dominicana. / _cAntonio Rosario, Darío Balcácer. |
| 260 |
_aSanto Domingo : _bAlfa y Omega, _c1980. |
||
| 300 |
_a397 p. ; _c21 cm. |
||
| 590 | _aInventariado, 2019 / DG | ||
| 700 | 1 |
_aBalcácer, Darío _956912 |
|
| 999 |
_c48558 _d48558 |
||